A Classification Theorem for Homotopy Commutative H-Spaces with Finitely Generated mod 2 Cohomology Rings

Saved in:
Bibliographic Details
Main Author: Slack, Michael 1963-
Format: Book
Language:English
Published: Providence : American Mathematical Society, 1991
Series:Memoirs of the American Mathematical Society ; ; 449
Subjects:
Tags: Add Tag
No Tags, Be the first to tag this record!

MARC

LEADER 00000nam a2200000 i 4500
001 1/37075
008 941111s1991 eng d
020 |a 0-8218-2514-3 
035 |a 1994  |l 10040405 
040 |a GR-MY-UA  |b gre  |e aacr 
041 0 |a eng 
082 0 |a 514.24 
100 1 |a Slack, Michael  |d 1963- 
245 1 2 |a A Classification Theorem for Homotopy Commutative H-Spaces with Finitely Generated mod 2 Cohomology Rings /  |c Michael Slack 
260 |a Providence :   |b American Mathematical Society,   |c 1991 
300 |a 116 p.;  |c 26 cm. 
490 1 |a Memoirs of the American Mathematical Society  |v ; 449 
650 0 0 |a H-spaces. 
650 0 0 |a Obstruction theory. 
650 0 0 |a Dyer-Lashof operations. 
830 0 |a Memoirs of the American Mathematical Society ;  |v ; 449 
852 |a INST  |b SAMOS  |e 19941111  |h 514.24 SLA  |p 005300004314  |q 005300004314  |t BK  |y 0 
909 |a Σ  |b 035482